Κώδικας για την πρόληψη ατυχημάτων εργασίας στα πλοία
Saved in:
| Main Author: | |
|---|---|
| Format: | Book |
| Language: | Greek |
| Published: |
Πειραιάς :
Σταυριδάκη,
[x.x.]
|
| Subjects: | |
| Tags: |
Add Tag
No Tags, Be the first to tag this record!
|
MARC
| LEADER | 00000nam a2200000 i 4500 | ||
|---|---|---|---|
| 001 | 1/18868 | ||
| 008 | 971216 gre d | ||
| 035 | |a ΠΑΡ- 1997 |b 04/04 |c ΠΕΤΡΟΓΓΟΝΑΣ |l 10021065 | ||
| 040 | |a GR-MY-UA |b |e aacr | ||
| 041 | 0 | |a gre | |
| 082 | 0 | |a 343.096 | |
| 100 | 1 | |a Καζάκος, Απόστολος. | |
| 245 | 1 | 0 | |a Κώδικας για την πρόληψη ατυχημάτων εργασίας στα πλοία / |c Α. Καζάκος |
| 260 | |a Πειραιάς : |b Σταυριδάκη, |c [x.x.] | ||
| 650 | 0 | 0 | |a Industrial safety. |
| 650 | 0 | 0 | |a Maritime law |z Greece. |
| 852 | |a INST |b CHIOS |e 19971216 |h 343.096 ΚΑΖ |p 005200010207 |q 005200010207 |t BK |y 0 | ||
| 909 | |a Χ |b 051989 | ||
| 922 | |a 2ΕΛΗ |b 199711 |c ΠΕΤΡΟΓΓΟΝΑΣ |d EMVASIS | ||